| 000 | 01426cab a2200373 4500 | ||
|---|---|---|---|
| 001 | ABS51633 | ||
| 008 | 090401t1994 xxu||||| |||| 00| 0 eng d | ||
| 035 | _a(Sirsi) u36272 | ||
| 041 | _aeng | ||
| 245 | _aAlternative land use | ||
| 260 | _c1994 | ||
| 300 | _aLOAN | ||
| 350 | _a0 | ||
| 490 |
_aFarm Development Review _v8(12) October 1994 (8) |
||
| 520 | _aSupports the suggestion from Wye College that the American trend to farmers` markets should be encouraged in the UK as a means of farm diversification and assisting the revitalisation of town centres. Advises on wayleave agreements contracted with Energis; reports the move to compulsory grading of accommodation by the Farm Holidays Bureau; announces the promotion of traditionally hung beef by Taste of the West and the development of a new strain of lupin; and notes the new countryside access and woodland grant schemes. | ||
| 650 | _aALTERNATIVE CROPS | ||
| 650 | _aCELLNET | ||
| 650 | _aCOMMUNICATIONS NETWORKS | ||
| 650 | _aCOUNTRYSIDE ACCESS SCHEME | ||
| 650 | _aDIRECT MARKETING | ||
| 650 | _aENERGIS | ||
| 650 | _aFARM DIVERSIFICATION | ||
| 650 | _aFARM PRODUCE | ||
| 650 | _aFIBRE-OPTIC NETWORK | ||
| 650 | _aHUTCHISON | ||
| 650 | _aLUPINS | ||
| 650 | _aMAST RENTAL | ||
| 650 | _aRADIO MASTS | ||
| 650 | _aWAYLEAVES | ||
| 650 | _aWOODLAND GRANT SCHEME | ||
| 690 | _aRURAL PRACTICE | ||
| 942 | _n0 | ||
| 948 | _c04/03/1997 | ||
| 999 |
_c23614 _d23614 |
||